书目信息 |
| 题名: |
艾思奇哲学文选
|
|
| 作者: | 艾思奇 著 | |
| 分册: | 第二卷 | |
| 出版信息: | 北京 经济科学出版社 2016.06 |
|
| 页数: | 207页 | |
| 开本: | 23cm | |
| 丛书名: | ||
| 单 册: | ||
| 中图分类: | B0-53 | |
| 科图分类: | ||
| 主题词: | 哲学--文集 | |
| 电子资源: | ||
| ISBN: | 978-7-5141-7044-3 | |
| 000 | 01018nam0 2200277 450 | |
| 001 | 0120161969099 | |
| 005 | 20180905155939.57 | |
| 010 | @a978-7-5141-7044-3@dCNY41.00 | |
| 100 | @a20160804d2016 em y0chiy50 ea | |
| 101 | 0 | @achi |
| 102 | @aCN@b110000 | |
| 105 | @ay z 000cy | |
| 106 | @ar | |
| 200 | 1 | @a艾思奇哲学文选@9ai si qi zhe xue wen xuan@h第二卷 |
| 210 | @a北京@c经济科学出版社@d2016.06 | |
| 215 | @a207页@d23cm | |
| 312 | @a封面英文题名:Aisiqi philosophy anthology (2) | |
| 314 | @a封面题:艾思奇著 | |
| 330 | @a艾思奇哲学文选(第二卷):辩证唯物主义,本部分主要包括一、大众哲学;二、哲学讲话。这部分内容是艾思奇理论文选中比较经典的部分,在他的整个理论体系中占有重要的地位,并且对当前社会主义现代化的建设也具有重要的理论指导价值和现实意义。 | |
| 333 | @a哲学研究人员 | |
| 510 | 1 | @aAisiqi philosophy anthology@h2@zeng |
| 606 | 0 | @a哲学@j文集 |
| 690 | @aB0-53@v5 | |
| 701 | 0 | @a艾思奇@9ai si qi@f(1910-1966)@4著 |
| 801 | 0 | @aCN@b人天书店@c20160804 |
| 905 | @b1091451-55@dB0-53@e283:2@f5 | |
| 艾思奇哲学文选.第二卷.-北京:经济科学出版社,2016.06 |
| 207页;23cm |
| 使用对象:哲学研究人员 |
| ISBN 978-7-5141-7044-3:CNY41.00 |
| 艾思奇哲学文选(第二卷):辩证唯物主义,本部分主要包括一、大众哲学;二、哲学讲话。这部分内容是艾思奇理论文选中比较经典的部分,在他的整个理论体系中占有重要的地位,并且对当前社会主义现代化的建设也具有重要的理论指导价值和现实意义。 |
| ● |
| 相关链接 |
|
|
|
|
正题名:艾思奇哲学文选
索取号:B0-53/283:2
 
预约/预借
| 序号 | 登录号 | 条形码 | 馆藏地/架位号 | 状态 | 备注 |
| 1 | 1091451 | 210914518 | 第一样本阅览室/ [索取号:B0-53/283:2] | 在馆 | |
| 2 | 1091452 | 210914527 | 教育系资料室/ [索取号:B0-53/283:2] | 在馆 | |
| 3 | 1091453 | 210914536 | 教育系资料室/ [索取号:B0-53/283:2] | 在馆 | |
| 4 | 1091454 | 210914545 | 第一借阅区/ [索取号:B0-53/283:2] | 在馆 | |
| 5 | 1091455 | 210914554 | 第一借阅区/ [索取号:B0-53/283:2] | 在馆 |